Biblioteca

El evangelio de Judas : (Registro nro. 61643)

Detalles MARC
000 -LÍDER
Campo fijo de descripción fija 01257cab a2200229 i 4500
001 - NÚMERO DE CONTROL
Campo de control 768714001
003 - IDENTIFICADOR DEL NÚMERO DE CONTROL
Campo de control CO-MdFUSB
005 - FECHA Y HORA DE LA ULTIMA TRANSACCIÓN
control field 20230111125536.0
008 - ELEMENTOS DE LONGITUD FIJA -- INFORMACIÓN GENERAL
Campo fijo de descripción fija -- Información general 180718s2006 gt |||| |||| 00| 0 espad
022 ## - NÚMERO INTERNACIONAL NORMALIZADO PARA PUBLICACIONES SERIADAS
Número Internacional Normalizado para Publicaciones Seriadas 1014-9341
040 ## - FUENTE DE CATALOGACIÓN
Agencia Catalogadora CO-MdFUSB
Idioma de catalogación spa
Agencia que realiza la transcripción CO-MdFUSB
Agencia que realiza la modificación CO-MdFUSB
041 ## - CÓDIGO DE IDIOMA
Código de idioma para texto/pista de sonido o título separado spa
100 1# - ASIENTO PRINCIPAL--NOMBRE PERSONAL
Nombre personal Montserrat Torrents, José (1932-)
Término relacionador autor
245 13 - TÍTULO
Título El evangelio de Judas :
Subtitulo ni evangelio, ni de Judas
Mención de responsabilidad / Gerardo Alfaro
300 ## - DESCRIPCIÓN FÍSICA
Extensión Número 38 (Enero - Junio, 2006) , páginas 121-128
Dimensiones : 22 cm
520 ## - NOTA DE RESUMEN, ETC.
Nota de sumario, etc. Aunque escritos como el Evangelio de Tomás, el Evangelio de María y el Evangelio de Judas han sido conocidos por centurias en círculos cristianos, no es sino hasta hace medio siglo que, con el descubrimiento de la biblioteca de Nag Hammadi en el norte de Egipto, se ha tenido acceso directo a esllos. Hasta ese entonces la mayor fuente de información sobre estos escritos eran los padres de la iglesia, especialmente Ireneo de Lyon.
650 #7 - ASIENTO SECUNDARIO DE MATERIA - TERMINO TEMÁTICO
9 (RLIN) 279
Término temático o nombre geográfico como elemento de entrada Evangelios apócrifos
653 ## - TÉRMINO DE INDIZACIÓN - NO CONTROLADO
Término no controlado Evangelio de Judas
773 0# - ASIENTO DE ITEM FUENTE
Título Kairós
Biblionumber 49489
Itemnumber 61220
Parte(s) relacionada(s) / Volumen., número. (mes año), páginas Número 38 (Enero - Junio, 2006), páginas 121-128
Enumeración y primera página Página 121
773 0# - ASIENTO DE ITEM FUENTE
Título Kairós
Biblionumber 49489
Itemnumber 81322
Parte(s) relacionada(s) / Volumen., número. (mes año), páginas Número 38 (Enero - Junio, 2006), páginas 121-128
Enumeración y primera página Página 121
942 ## - TIPO DE MATERIAL (KOHA)
Tipo de Item KOHA Artículos de Revista

No hay ítems disponibles.

Biblioteca FUSBC | Teléfono: (57+4) 349 88 10 Ext. 141| WhatsApp (+57) 3005338115 
E-mail: biblioteca@unisbc.edu.co | Calle 76 87-14 Robledo Palenque, Medellín, Colombia

Con tecnología Koha